Better schooling for the children of poverty: alternatives to conventional wisdom
Guardat en:
| Autors principals: | , |
|---|---|
| Format: | Llibre |
| Idioma: | anglès |
| Publicat: |
Berkeley
McCutchan
1991
|
| Matèries: | |
| Etiquetes: |
Afegir etiqueta
Sense etiquetes, Sigues el primer a etiquetar aquest registre!
|
MARC
| LEADER | 00000nam a2200000 a 4500 | ||
|---|---|---|---|
| 001 | UCW6917 | ||
| 003 | CL-VaPUC | ||
| 008 | 920707e19910000US |||||||||||||||||eng|d | ||
| 082 | 0 | 4 | |a 306.43 |b KNA |2 21 |
| 100 | 0 | |a Knapp, Michael S |e author |9 311997 | |
| 700 | 0 | |a Shields, Patrick M |e author |9 311998 | |
| 245 | 1 | 0 | |a Better schooling for the children of poverty: alternatives to conventional wisdom |
| 300 | |a 359 p | ||
| 942 | |c BK | ||
| 945 | |d 19920707 00:00:00 | ||
| 260 | |a Berkeley |b McCutchan |c 1991 | ||
| 650 | 0 | |a Sociología de la educación |9 260380 | |
| 650 | 0 | |a Calidad de la educación |9 307271 | |
| 650 | 0 | |a Aspectos sociales |9 254894 | |
| 650 | 0 | |a Pobreza |9 258652 | |
| 583 | |a last modification |c 20170905 12:48:39 |k Rodrigo Vera | ||
| 999 | |c 219820 |d 219818 | ||
| 952 | |0 0 |1 0 |4 0 |6 306_430000000000000_KNA_1991 |7 0 |8 P |9 211184 |a BIBEDU |b BIBEDU |c BIBEDU_PB |d 2019-11-15 |i 2794357 |o 306.43 KNA 1991 |p 2794357 |r 2024-01-25 |w 2019-11-15 |y BK |k EDU | ||